Decolonisation of legal knowledge / (Record no. 41460)

MARC details
000 -LEADER
fixed length control field 00834nam a22002417a 4500
005 - DATE AND TIME OF LATEST TRANSACTION
control field 20100812162146.0
010 ## - LCCN (DPL NO)
LC control number ENG-100000
020 ## - INTERNATIONAL STANDARD BOOK NUMBER
International Standard Book Number 9780415544603
Terms of availability 795.00
035 ## - SYSTEM CONTROL NUMBER
System control number EN-83532
037 ## - SOURCE OF ACQUISITION
Source of stock number/acquisition DBAD/PUB
082 ## - DEWEY DECIMAL CLASSIFICATION NUMBER
Classification number 340
245 ## - TITLE STATEMENT
Title Decolonisation of legal knowledge /
Statement of responsibility, etc edited by Amita Dhanda [and] Archana Parashar
260 ## - PUBLICATION, DISTRIBUTION, ETC. (IMPRINT)
Place of publication, distribution, etc New Delhi
Name of publisher, distributor, etc Routledge
Date of publication, distribution, etc 2009
270 ## - ADDRESS
Address 912-915 Tolstoy House, 15-17 Tolstoy Marg
City New Delhi
Postal code 110001
300 ## - PHYSICAL DESCRIPTION
Extent xxxv,293p.
Dimensions 22cm (Hb)
500 ## - GENERAL NOTE
General note Includes index
650 ## - SUBJECT ADDED ENTRY--TOPICAL TERM
Topical term or geographic name as entry element Critical legal studies
650 ## - SUBJECT ADDED ENTRY--TOPICAL TERM
Topical term or geographic name as entry element Decolonisation
700 ## - ADDED ENTRY--PERSONAL NAME
Personal name Dhanda, Amita
9 (RLIN) 12049
700 ## - ADDED ENTRY--PERSONAL NAME
Personal name Parashar, Archana
9 (RLIN) 12050
942 ## - ADDED ENTRY ELEMENTS (KOHA)
Source of classification or shelving scheme Dewey Decimal Classification
Item type English Books
Classification part 340
Call number suffix DEC
Holdings
Withdrawn status Lost status Not for loan Collection code Home library Current library Date acquired Source of acquisition Cost, normal purchase price Full call number Barcode Copy number Cost, replacement price Koha item type
    Not For Loan Non-fiction D.B.Act.Division D.B.Act.Division 12/08/2010 DBAD/PUB 795.00 340 DEC EN-83532 1 795.00 English Books

© Delhi Public Library
Hit Counter
free hit counter